| 000 | 00698nam a2200217 4500 | ||
|---|---|---|---|
| 001 | 107201 | ||
| 003 | ES-MaACL | ||
| 007 | t| | ||
| 008 | 061121s1983 sp r ||||1| spa d | ||
| 100 | 1 |
_aMorin, Edgar. _983564 |
|
| 245 | 1 | 3 |
_aLa unidad del hombre / _cEdgar Morin, Massimo Piatelli-Palmarini; traducción de Francisco Monge. |
| 250 | _a1ª.ed. | ||
| 260 |
_aBarcelona : _bArgos Vergara, _c1983. |
||
| 300 |
_a237 p. : _bil. ; _c22cm. |
||
| 490 | 1 | _aColección En línea verada | |
| 700 | 1 |
_aPiatelli-Palmarini, Massimo. _991749 |
|
| 700 | 1 |
_aMonge, Francisco. _982187 |
|
| 830 | 0 |
_aColección En línea verada _9185361 |
|
| 852 |
_aES-MaACL _jL-5146 _bR.105102 |
||
| 999 |
_c107201 _d107201 |
||